Statistics for Overwatch Hero by Real Name

Click here to take the quiz!

General Stats

  • This quiz has been taken 4,080 times
    (1,334 since last reset)
  • The average score is 21 of 28

Answer Stats

Real Name Answer % Correct
Aleksandra ZaryanovaZarya
95%
Gabriel ReyesReaper
93%
Jack MorrisonSoldier: 76
92%
_____ ShimadaGenji/Hanzo
91%
OR15AOrisa
91%
Angela ZieglerMercy
88%
_____ AmariAna
88%
Fareeha AmariPharah
87%
SST Laboratories Siege Automaton E54Bastion
86%
Jesse ______McCree
86%
Hana SongD.va
85%
HammondWrecking Ball
84%
Lena OxtonTracer
81%
___-Ling ZhouMei
79%
Amélie LacroixWidowmaker
76%
Akande OgundimuDoomfist
75%
Mako RutledgeRoadhog
74%
________ LindholmTorbjörn
74%
_________ WilhelmReinhardt
73%
Jamison FawkesJunkrat
70%
________ LindholmBrigitte
66%
Satya VaswaniSymmetra
63%
_____ O'DeorainMoira
63%
_____ Correia dos SantosLúcio
57%
Elizabeth Caledonia "Calamity" ____Ashe
53%
Olivia ColomarSombra
51%
Tekhartha ________Zenyatta
46%
_______Winston
37%

Score Distribution

Percentile by Number Answered

Percent of People with Each Score

Your Score History

You have not taken this quiz since the last reset